书目信息 |
| 题名: |
江汉声医师的音乐处方笺
|
|
| 作者: | 江汉声 著 | |
| 分册: | ||
| 出版信息: | 北京 机械工业出版社 2003 |
|
| 页数: | 182页 | |
| 开本: | 20cm | |
| 丛书名: | 身体·文化书系 | |
| 单 册: | ||
| 中图分类: | R454.3 | |
| 科图分类: | ||
| 主题词: | 音乐疗法 | |
| 电子资源: | ||
| ISBN: | 7-111-12009-4 | |
| 000 | 00896oam2 2200277 450 | |
| 001 | 1553383306 | |
| 005 | 20150131145002.00 | |
| 010 | @a7-111-12009-4@dCNY25.00 | |
| 100 | @a20030725d2003 em y0chiy50 ea | |
| 101 | 0 | @achi |
| 102 | @aCN@b110000 | |
| 105 | @aa z 000yy | |
| 200 | 1 | @a江汉声医师的音乐处方笺@9jiang han sheng yi shi de yin yue chu fang jian@f江汉声著 |
| 210 | @a北京@c机械工业出版社@d2003 | |
| 215 | @a182页@c图@d20cm | |
| 225 | 2 | @a身体·文化书系 |
| 300 | @a华章文化 | |
| 306 | @a台北时报文化出版企业股份有限公司授权出版 | |
| 330 | @a本书讲述如何利用音乐进行自我治疗,开立适合的音乐处方-推荐精选音乐曲目等。 | |
| 461 | 0 | @12001 @a身体·文化书系 |
| 510 | 1 | @aMusic a Secret for Better Health@zeng |
| 606 | 0 | @a音乐疗法 |
| 690 | @aR454.3@v5 | |
| 701 | 0 | @a江汉声@9jiang han sheng@c(医学博士)@4著 |
| 801 | 0 | @aCN@bTSSF@c20150131 |
| 905 | @aZUCC@dR454.3@eJY309 | |
| 江汉声医师的音乐处方笺/江汉声著.-北京:机械工业出版社,2003 |
| 182页:图;20cm.-(身体·文化书系) |
| 华章文化 |
| ISBN 7-111-12009-4:CNY25.00 |
| 本书讲述如何利用音乐进行自我治疗,开立适合的音乐处方-推荐精选音乐曲目等。 |
| ● |
| 相关链接 |
|
|
|
|
正题名:江汉声医师的音乐处方笺
索取号:R454.3/JY309
 
预约/预借
| 序号 | 登录号 | 条形码 | 馆藏地/架位号 | 状态 | 备注 |
| 1 | 7861419 | 278614199 | 学院路分馆/ [索取号:R454.3/JY309] | 在馆 | |
| 2 | 7861420 | 278614206 | 学院路分馆/ [索取号:R454.3/JY309] | 在馆 |